الإحصائيات لـ اسم الدولة = اسم العاصمة

أنقر هنا لكي تخضع للإختبار!

الإحصائيات العامة

  • هذا الإختبار تم الخضوع له 624 مره
  • الدرجة المتوسطة هي 4 من 13

إحصائيات الإجابة

بلد% صحيح
تونس
91%
الجزائر
89%
الكويت
65%
جيبوتي
37%
المكسيك
24%
موناكو
14%
لوكسمبورغ
13%
سان مارينو
11%
سنغافورة
10%
أندورا
6%
غواتيمالا
6%
بناما
3%
مدينة الفاتيكان
2%

توزيع النقاط

النسبة وفقا للأرقام

نسبة الأشخاص لكل درجة

سجل النقاط الخاصة بك

لم تضخع لهذا الإختبار